Score 0/18 Timer 06:00
22 Plays Today
% Correct
Saving Private
Meg Ryan
90.4%
Mr. Smith Goes to
Denzel Washington
89.6%
Jennifer Lawrence
of Arabia
87.6%
The Cabin in the
James Woods
74.3%
Bob Hope
Floats
73.8%
The William Hurt
Locker
72.5%
The Paper
Chevy Chase
70.2%
East of
Barbara Eden
67.9%
Kathleen Turner
& Hooch
65.5%
% Correct
The Front
Ellen Page
65.2%
A Million Ways to Die
in the Mae West
62.6%
The Killing
W.C. Fields
62.1%
The Jack Lord of the Rings:
The Return of the King
57.2%
Mighty Morphin Tyrone Power
Rangers: The Movie
54.2%
The Last
Christoph Waltz
53.5%
Men in
Karen Black
52%
The Veronica Lake
House
50.3%
Loretta Young
Frankenstein
42.9%
Come Together.
Have Fun.
All Virtual.
We all need to come together. Play Sporcle's virtual live trivia to have fun, connect with people, and get your trivia on. Join a live hosted trivia game for your favorite pub trivia experience done virtually. If a virtual private party is more your thing, go here for details.

You're not logged in!

Compare scores with friends on all Sporcle quizzes.
OR
Log In

Sporcle TV

Today on Sporcle TV


Watch our educational content, quiz creation guides, and fun videos on Sporcle TV.

Show Comments

Extras

Top Quizzes Today


Score Distribution

Paid Content

Your Account Isn't Verified!

In order to create a playlist on Sporcle, you need to verify the email address you used during registration. Go to your Sporcle Settings to finish the process.

Report this User

Report this user for behavior that violates our Community Guidelines.

Details: